Art in the making Impressionism : (Registro nro. 88926)

Detalles MARC
000 -LEADER
campo de control de longitud fija 01043nam a2200277 i 4500
001 - NÚMERO DE CONTROL
campo de control 88926
003 - IDENTIFICADOR DE NÚMERO DE CONTROL
campo de control ES-MaACL
005 - FECHA Y HORA DE LA ÚLTIMA TRANSACCIÓN
campo de control 20230906175955.0
007 - CAMPO FIJO DE DESCRIPCIÓN FÍSICA--INFORMACIÓN GENERAL
campo de control de longitud fija t|
008 - DATOS DE LONGITUD FIJA--INFORMACIÓN GENERAL
campo de control de longitud fija 041228s1990 xxk ||||1| eng d
020 ## - NÚMERO INTERNACIONAL ESTÁNDAR DEL LIBRO
Número Internacional Estándar del Libro 0-300-05036-4
080 ## - NÚMERO DE LA CLASIFICACIÓN DECIMAL UNIVERSAL
Número de la Clasificación Decimal Universal 75.036(083.824)
245 00 - MENCIÓN DEL TÍTULO
Título Art in the making Impressionism :
Resto del título [exposición celebrada en la National Gallery de Londres, del 28 de noviembre de 1990 al 21 de abril de 1991] /
Mención de responsabilidad, etc. David Bomfor ... [et al.] ; with contributions by Raymond White and Louise Williams.
260 ## - PUBLICACIÓN, DISTRIBUCIÓN, ETC.
Lugar de publicación, distribución, etc. London :
Nombre del editor, distribuidor, etc. The National Gallery,
Fecha de publicación, distribución, etc. 1990.
300 ## - DESCRIPCIÓN FÍSICA
Extensión 227 p. :
Otras características físicas il. ;
Dimensiones 27 cm.
650 #4 - PUNTO DE ACCESO ADICIONAL DE MATERIA--TÉRMINO DE MATERIA
Término de materia o nombre geográfico como elemento de entrada Pintura-
Subdivisión cronológica S.XIX-
Subdivisión de forma Exposiciones.
9 (RLIN) 137837
650 #4 - PUNTO DE ACCESO ADICIONAL DE MATERIA--TÉRMINO DE MATERIA
Término de materia o nombre geográfico como elemento de entrada Impresionismo (Arte)-
Subdivisión de forma Exposiciones.
9 (RLIN) 13619
655 #7 - TERMINO DE INDIZACIÓN--GENERO/FORMA
Fuente del término tgfbne
9 (RLIN) 193628
Datos o término principal de género/forma Catálogos de exposiciones
700 1# - ENTRADA AGREGADA--NOMBRE PERSONAL
Nombre de persona Bomford, David.
9 (RLIN) 30032
700 1# - ENTRADA AGREGADA--NOMBRE PERSONAL
Nombre de persona White, Raymond.
9 (RLIN) 116684
700 1# - ENTRADA AGREGADA--NOMBRE PERSONAL
Nombre de persona Williams, Louise.
9 (RLIN) 116940
710 2# - ENTRADA AGREGADA--NOMBRE DE ENTIDAD CORPORATIVA
Nombre de entidad corporativa o nombre de jurisdicción como elemento de entrada National Gallery (Londres)
9 (RLIN) 5970
852 ## - LOCALIZACIÓN
Ubicación ES-MaACL
Número de control de estantería E-10768
942 ## - ELEMENTOS DE ENTRADA SECUNDARIOS (KOHA)
Fuente del sistema de clasificación o colocación Clasificación decimal universal
Existencias
Estatus retirado Estado de pérdida Estado de daño No para préstamo Biblioteca de origen Biblioteca actual Ubicación en estantería Fecha de adquisición Fuente de adquisición Total de préstamos Signatura topográfica completa Código de barras Visto por última vez Precio de reemplazo Tipo de ítem Koha
        Biblioteca del Ateneo de Madrid Biblioteca del Ateneo de Madrid Depósito 2 17/01/2008     E-10768 1092879 23/02/2023 23/02/2023 Libro impreso